| 000 -ლიდერი |
| ფიქსირებული სიგრძის საკონტროლო ველი |
00982nam a2200241Ia 4500 |
| 001 - საკონტროლო ნომერი |
| საკონტროლო ველი |
6465 |
| 003 - საკონტროლო ნომრის იდენტიფიკატორი |
| საკონტროლო ველი |
GE_BSU |
| 005 - ბოლო ოპერაციის თარიღი და დრო |
| საკონტროლო ველი |
20191127115741.0 |
| 008 - ფიქსირებული სიგრძის მონაცემთა ელემენტები - ზოგადი ინფორმაცია |
| ფიქსირებული სიგრძის საკონტროლო ველი |
181216s2011||||ge |||||||||||||| ||geo|| |
| 020 ## - წიგნის საერთაშორისო სტანდარტული ნომერი |
| International Standard Book Number |
9789994073436 |
| 040 ## - კატალოგიზაციის წყარო |
| Transcribing agency |
GE_BSU |
| 041 ## - ენის კოდი |
| Language code of text/sound track or separate title |
geo |
| 080 ## - უნივერსალური ათობითი კლასიფიკაციის ინდექსი |
| Universal Decimal Classification number |
821.353.1-31 ა-58 |
| 100 ## - მთავარი ჩანაწერი - პიროვნების სახელი |
| Personal name |
ამირეჯიბი, ჭაბუა |
| 9 (RLIN) |
5586 |
| 245 ## - ცნობა სათაურის შესახებ |
| Title |
დათა თუთაშხია : |
| Remainder of title |
რომანი / |
| Statement of responsibility, etc |
მთ.რედ. თამარ ჯავახიშვილი; მხატვ. გიორგი წერეთელი. |
| 264 ## - წარმოების, გამოცემის, დისტრიბუციის და სხვა ცნობები |
| გამოცემის, წარმოების, დისტრიბუციის... ადგილი |
თბილისი : |
| გამოცემის, წარმოების, დისტრიბუციის... სახელწოდება |
ჭაბუა, |
| გამოცემის, წარმოების, დისტრიბუციის... თარიღი |
2011. |
| 300 ## - ფიზიკური აღწერა |
| Extent |
613 გვ. ; |
| Other physical details |
25 სმ. |
| 653 ## - INDEX TERM--UNCONTROLLED |
| Uncontrolled term |
დათა თუთაშხია |
| 653 ## - INDEX TERM--UNCONTROLLED |
| Uncontrolled term |
რომანი |
| 700 ## - ADDED ENTRY--PERSONAL NAME |
| Personal name |
ჯავახიშვილი, თამარ |
| Relator term |
მთ.რედაქტორი |
| 9 (RLIN) |
5587 |
| 700 ## - ADDED ENTRY--PERSONAL NAME |
| Personal name |
წერეთელი, გიორგი |
| Relator term |
მხატვარი |
| 9 (RLIN) |
2264 |
| 942 ## - ADDED ENTRY ELEMENTS (KOHA) |
| Koha item type |
წიგნი |
| Source of classification or shelving scheme |
|